<?xml version="1.0" encoding="UTF-8"?>
<record
    xmlns:xsi="http://www.w3.org/2001/XMLSchema-instance"
    xsi:schemaLocation="http://www.loc.gov/MARC21/slim http://www.loc.gov/standards/marcxml/schema/MARC21slim.xsd"
    xmlns="http://www.loc.gov/MARC21/slim">

  <leader>00823nam a22002417a 4500</leader>
  <datafield tag="952" ind1=" " ind2=" ">
    <subfield code="a">0001</subfield>
    <subfield code="b">0001</subfield>
    <subfield code="d">2020-11-11</subfield>
    <subfield code="l">0</subfield>
    <subfield code="o">ATA 923.156 K25e 1986</subfield>
    <subfield code="p">019703</subfield>
    <subfield code="r">2020-11-11 00:00:00</subfield>
    <subfield code="t">c.1</subfield>
    <subfield code="w">2020-11-11</subfield>
    <subfield code="x">Emine Ba&#x15F;ak Alkan Ba&#x11F;&#x131;&#x15F;&#x131;d&#x131;r.</subfield>
    <subfield code="y">BKS</subfield>
  </datafield>
  <datafield tag="952" ind1=" " ind2=" ">
    <subfield code="a">0001</subfield>
    <subfield code="b">0001</subfield>
    <subfield code="d">2020-11-11</subfield>
    <subfield code="l">0</subfield>
    <subfield code="o">ATA 923.156 K25e 1986</subfield>
    <subfield code="p">019704</subfield>
    <subfield code="r">2020-11-11 00:00:00</subfield>
    <subfield code="t">c.2</subfield>
    <subfield code="w">2020-11-11</subfield>
    <subfield code="x">Emine Ba&#x15F;ak Alkan Ba&#x11F;&#x131;&#x15F;&#x131;d&#x131;r.</subfield>
    <subfield code="y">BKS</subfield>
  </datafield>
  <datafield tag="999" ind1=" " ind2=" ">
    <subfield code="c">14176</subfield>
    <subfield code="d">14176</subfield>
  </datafield>
  <controlfield tag="003">MIRAKIL</controlfield>
  <controlfield tag="005">20201111162302.0</controlfield>
  <controlfield tag="008">201111b        tu ||||| |||| 00| 0 tur d</controlfield>
  <datafield tag="040" ind1=" " ind2=" ">
    <subfield code="a">TR-AnCHP</subfield>
    <subfield code="c">TR-AnCHP</subfield>
  </datafield>
  <datafield tag="041" ind1=" " ind2=" ">
    <subfield code="a">tur</subfield>
  </datafield>
  <datafield tag="082" ind1=" " ind2=" ">
    <subfield code="a">ATA 923.156</subfield>
    <subfield code="b">K25e 1986</subfield>
  </datafield>
  <datafield tag="100" ind1="1" ind2=" ">
    <subfield code="a">Kansu, Mazhar M&#xFC;fit</subfield>
  </datafield>
  <datafield tag="245" ind1=" " ind2=" ">
    <subfield code="a">Erzurum'dan &#xF6;l&#xFC;m&#xFC;ne kadar Atat&#xFC;rk'le beraber / </subfield>
    <subfield code="c">Mazhar M&#xFC;fid Kansu.</subfield>
  </datafield>
  <datafield tag="250" ind1=" " ind2=" ">
    <subfield code="a">2 bs.</subfield>
  </datafield>
  <datafield tag="260" ind1=" " ind2=" ">
    <subfield code="a">Ankara:</subfield>
    <subfield code="b">T&#xFC;rk Tarih Kurumu,</subfield>
    <subfield code="c">1986.</subfield>
  </datafield>
  <datafield tag="300" ind1=" " ind2=" ">
    <subfield code="a">2 c.:</subfield>
    <subfield code="b">fotg.;</subfield>
    <subfield code="c">24 sm.</subfield>
  </datafield>
  <datafield tag="490" ind1=" " ind2=" ">
    <subfield code="a">Atat&#xFC;rk K&#xFC;lt&#xFC;r, Dil ve Tarih Y&#xFC;ksek Kurumu;</subfield>
    <subfield code="a">T&#xFC;rk Tarih Kurumu Yay&#x131;nlar&#x131;;</subfield>
    <subfield code="v">XVI. Dizi-Sa.6</subfield>
  </datafield>
  <datafield tag="504" ind1=" " ind2=" ">
    <subfield code="a">Dizin vard&#x131;r.</subfield>
  </datafield>
  <datafield tag="600" ind1="1" ind2="4">
    <subfield code="9">1465</subfield>
    <subfield code="a">Atat&#xFC;rk, Gazi Mustafa Kemal</subfield>
    <subfield code="d">1881-1938</subfield>
    <subfield code="x">Ya&#x15F;am&#xF6;yk&#xFC;s&#xFC;</subfield>
  </datafield>
  <datafield tag="600" ind1="1" ind2="4">
    <subfield code="9">1702</subfield>
    <subfield code="a">Kansu, Mazhar M&#xFC;fit</subfield>
    <subfield code="d">1872-1948</subfield>
    <subfield code="x">An&#x131;lar</subfield>
  </datafield>
  <datafield tag="942" ind1=" " ind2=" ">
    <subfield code="2">ddc</subfield>
    <subfield code="c">BKS</subfield>
  </datafield>
  <datafield tag="999" ind1=" " ind2=" ">
    <subfield code="d">14176</subfield>
  </datafield>
</record>
